00403nam a2200181Ia 4500008004000000020001800040041000800058082001300066100002300079245002700102250000500129260003200134300001600166650001200182650000700194650001400201650000600215210210b2010 xxu||||| |||| 00| 0 eng d a9788130913131 aeng a547 SORO aSORRELL (Thomas N) aOrganic chemistry Ed 2 a aNew DelhibViva booksc2010 axxiv,988+52 aOrganic aEd achemistry a2